000 00462nam a2200169 a 4500
001 0000-8547
003 ELIB.Books
008 110520 1970
035 _a(ELIB.Books)0000-8692
082 _a242
_bRyl
100 _aRyle, John Charles
245 _aThe Upper Room: being a few truth for the time
260 _bLondon: The Banner of Truth Trust
_c1970
650 _aDevotional Theology
942 _2ddc
_cBK
998 _cbat
_e2011-05-20
999 _c8547
_d8547